FAO and IPGRI technical guidelines for safe movement of germplasm; 1994; N.1

Salvato in:
Dettagli Bibliografici
Autore principale: IPGRI
Natura: Libro
Lingua:Undetermined
Pubblicazione: Rome FAO 1994
Soggetti:
Tags: Aggiungi Tag
Nessun Tag, puoi essere il primo ad aggiungerne! !
Thư viện lưu trữ: Trung tâm Học liệu Trường Đại học Cần Thơ
LEADER 00521nam a2200181Ia 4500
001 CTU_29210
008 210402s9999 xx 000 0 und d
082 |a 333.9534 
082 |b F218/1994 
100 |a IPGRI 
245 0 |a FAO and IPGRI technical guidelines for safe movement of germplasm; 1994; N.1 
245 0 |c IPGRI, FAO 
260 |a Rome 
260 |b FAO 
260 |c 1994 
650 |a plant genetics 
904 |i Nguyễn Quang Điền, 990313 
980 |a Trung tâm Học liệu Trường Đại học Cần Thơ